Andrews disease of the skin (Record no. 31881)

MARC details
000 -LEADER
fixed length control field 00266nam a2200109Ia 4500
082 ## - DEWEY DECIMAL CLASSIFICATION NUMBER
Item number DOM
100 ## - MAIN ENTRY--AUTHOR NAME
Personal name Domonkos, Anthony N
245 #0 - TITLE STATEMENT
Title Andrews disease of the skin
260 ## - PUBLICATION, DISTRIBUTION, ETC. (IMPRINT)
Place of publication London
Name of publisher Saunders
Year of publication 1971
942 ## - ADDED ENTRY ELEMENTS (KOHA)
Koha item type Books
Holdings
Withdrawn status Lost status Damaged status Not for loan Home library Current library Date acquired Full call number Accession Number Koha item type
        RRII Library RRII Library 16/12/2021 DOM 12417 Books